000 00304nam a2200133Ia 4500
008 191201s2004 xx 000 0 und d
082 _a621.38216
_bSEC
100 _aSEN, Leena
245 0 _aCommunication Skills
260 _aN.Delhi
_bPHI
_c2004
300 _a195
650 _aApplied
942 _2ddc
_cBK
999 _c1680
_d1680